CUMLATIVE RECORD FOR GEN. NURSING & MIDWIFERY COURSE (Record no. 2344)

MARC details
000 -LEADER
fixed length control field 00336nam a2200133Ia 4500
008 - FIXED-LENGTH DATA ELEMENTS--GENERAL INFORMATION
fixed length control field 150201s2014 xx 000 0 und d
082 ## - DEWEY DECIMAL CLASSIFICATION NUMBER
Classification number 610.73
Item number C-N
100 ## - MAIN ENTRY--PERSONAL NAME
Personal name NANDAN, LAVANYA
245 ## - TITLE STATEMENT
Title CUMLATIVE RECORD FOR GEN. NURSING & MIDWIFERY COURSE
250 ## - EDITION STATEMENT
Edition statement 1ST
260 ## - PUBLICATION, DISTRIBUTION, ETC. (IMPRINT)
Name of publisher, distributor, etc. A.P. JAIN
Place of publication, distribution, etc. DELHI
650 ## - SUBJECT ADDED ENTRY--TOPICAL TERM
Topical term or geographic name as entry element NURSING
942 ## - ADDED ENTRY ELEMENTS (KOHA)
Source of classification or shelving scheme Dewey Decimal Classification
Koha item type Books
Holdings
Withdrawn status Lost status Source of classification or shelving scheme Damaged status Not for loan Collection code Home library Current library Shelving location Date acquired Source of acquisition Cost, normal purchase price SGTU Bill Number Total Checkouts Full call number Barcode Date last seen Bill Date Koha item type
    Dewey Decimal Classification     NURSING SGT Medical Library SGT Medical Library Text Book 06/07/2014 ABC DELHI 75.00 SGTU 4669   610.73 C-N FN1933 09/04/2018 06/07/2014 Books
    Dewey Decimal Classification     NURSING SGT Medical Library SGT Medical Library Text Book 06/07/2014 ABC DELHI 75.00 SGTU 4669   610.73 C-N FN1934 09/02/2015 06/07/2014 Books